Intenzita a charakter inovačnej aktivity podnikov cestovného ruchu v SR
Výsledky výskumu v oblasti inovačnej aktivity podnikov cestovného ruchu v SR, ktorý bol realizovaný v r. 2008 na vzorke 288 podnikov. Cieľom výskumu bolo charakterizovať inovačnú aktivitu podnikov cestovného ruchu, identifikovať jej špecifiká a určiť determinanty rozvoja.
Salvato in:
| Autore principale: | |
|---|---|
| Natura: | Capitolo di libro |
| Lingua: | slovacco |
| Soggetti: | |
| Tags: |
Nessun Tag, puoi essere il primo ad aggiungerne!!
|
MARC
| LEADER | 00000naa$a2200000$$$4500 | ||
|---|---|---|---|
| 001 | 0128163 | ||
| 005 | 20240502072449.6 | ||
| 041 | 0 | |a slo | |
| 044 | |a SK | ||
| 245 | 1 | 0 | |a Intenzita a charakter inovačnej aktivity podnikov cestovného ruchu v SR |c Viera Kubičková |
| 520 | |a Výsledky výskumu v oblasti inovačnej aktivity podnikov cestovného ruchu v SR, ktorý bol realizovaný v r. 2008 na vzorke 288 podnikov. Cieľom výskumu bolo charakterizovať inovačnú aktivitu podnikov cestovného ruchu, identifikovať jej špecifiká a určiť determinanty rozvoja. | ||
| 610 | 2 | 0 | |a ruch cestovný |
| 610 | 2 | 0 | |a inovácia |
| 610 | 2 | 0 | |a podnikanie elektronické |
| 610 | 2 | 0 | |a technológie nové |
| 610 | 2 | 0 | |a financie |
| 610 | 2 | 0 | |a marketing |
| 610 | 2 | 0 | |a konkurencia |
| 610 | 2 | 0 | |a konkurencieschopnosť |
| 610 | 2 | 0 | |a výskum |
| 610 | 2 | 0 | |a Slovensko |
| 100 | 1 | |a Kubičková, Viera, 1970- | |